000 00863nam a22002897a 4500
001 BR7406639
003 BR-BrBNA
005 20230928084650.0
007 ta
008 230509b bl.||||| |||| 00| 0 por d
040 _aBR-BrBNA
_bpor
_cBiblioteca Nacional de Agricultura
041 _a(Por)
072 _aL36
_b1910
_b/G514
090 _ 1910 BR7406639
100 1 _aGavillon, O.
100 1 _aQuadros, A.T.
110 1 _aInstituto de Pesquisas Zootecnicas, Porto Alegre, RS (Brasil)
_96231
245 1 _aAlguns dados sobre a composicao imediata de pastagens naturais no Rio Grande do Sul [Brasil]
260 3 _aPorto Alegre, RS (Brasil):
_c1974.
300 _a4 p.
500 _a2 tables
650 _aPASTAGEM NATURAL
650 _aCOMPOSICAO DE ALIMENTO
650 _aRIO GRANDE DO SUL
909 _a202309
_bLucia
_c55
_dLucia Elande
942 _cBK
999 _c20357
_d20357